CARYOLOGIA (Record no. 6624)

MARC details
000 -LEADER
fixed length control field 00398nam a2200145Ia 4500
022 ## - INTERNATIONAL STANDARD SERIAL NUMBER
ISSN 0008-7114
245 #0 - TITLE STATEMENT
Title CARYOLOGIA
260 ## - PUBLICATION, DISTRIBUTION, ETC. (IMPRINT)
Name of publisher Universita degli studi di Firenze, Rome
Place of publication Italy
310 ## - CURRENT PUBLICATION FREQUENCY
Current publication frequency Q
500 ## - GENERAL NOTE
General note Ending Volume & Year: 44, 1991
500 ## - GENERAL NOTE
General note Missing Volume: 30;42(1-2)
500 ## - GENERAL NOTE
General note Starting Volume & Year: 29, 1976
942 ## - ADDED ENTRY ELEMENTS (KOHA)
Koha item type Bound Journal
Holdings
Withdrawn status Lost status Damaged status Not for loan Home library Current library Date acquired Accession Number Koha item type
      Bound journals RRII Library RRII Library 31/12/2021 06595J Bound Journal